00438pab a2200157 454500008004000000100002200040245006800062260000900130300001100139362001100150650002200161650002700183650002900210650002100239773002000260180718b2006 xxu||||| |||| 00| 0 eng d aSrivastava, Gouri aWomen's identity in the Indian society: educational perspective c2006 ap.4-9. a12 Jun aEducation - India aSocial systems - India aWomens education - India aWomens education aUniversity News